000 00342nam a2200133Ia 4500
008 240624s9999 xx 000 0 und d
041 _aeng
082 _a378 GHO
100 _aGHORMADE VIJAY
245 _aMAHARASHTRA UNIVERSITIES ACT 1994
260 _c2008
_aPune
_bHind Law House
300 _axxv, : 298 : p. : cm. ; 23
365 _cRS
_b15
999 _c17397
_d17397